Statistics for Grey's Anatomy Characters

Click here to take the quiz!

General Stats

  • This quiz has been taken 43 times
    (11 since last reset)
  • The average score is 22 of 38

Answer Stats

Specialises in...Answer% Correct
TraumaApril Kepner
90%
PaediatricsArizona Robbins
90%
CardiologyChristina Yang
90%
ResidentJo Wilson
90%
PlasticsMark Sloan
90%
TraumaOwen Hunt
90%
Richard's spouseAdele Webber
80%
PaediatricsAlex Karev
80%
NeurologyAmelia Shepherd
80%
Was in anestesiologyBen Warren
80%
OrthopedicsCallie Torres
80%
Dies (known as 007)George O'malley
80%
Dies in a plane crashLexie Grey
80%
General SurgeryMeredith Grey
80%
Resident (stabbed)Andrew Deluca
70%
NeurologyDerek Shepherd
70%
Plastic surgeryJackson Avery
70%
General SurgeryRichard Webber
70%
CardiologyTeddy Altman
70%
General SurgeryMiranda Bailey
60%
CardiologyPreston Burke
60%
Adopted by Grey and ShepherdZola Shepherd
60%
UrologyCatherine Avery
50%
PatientDenny Duquette
50%
Dies in a shootingReed Adamson
50%
OBAddison Montgomery-Shepherd
40%
Dies in a shootingCharles Percy
40%
CardiologyMaggie Pierce
40%
CardiologyNathan Riggs
40%
Interests in NeurologyStephanie Edwards
40%
Meredith's friend 'die'Sadie Harris
30%
General SurgeryEllis Grey
20%
CardiologyErika Hahn
20%
ResidentLeah Murphy
20%
LeavesShane Ross
20%
LeavesIzzie Stephens
0%
ResidentPenny Blake
0%
CardiologyWinston Ndugu
0%

Score Distribution

Percentile by Number Answered

Percent of People with Each Score

Your Score History

You have not taken this quiz since the last reset